00968nam a2200277Ia 450000500170000000800410001702000190005810000300007724500950010725000390020230000270024149000460026865000370031465000420035165000340039365000450042770000280047294200150050026400260051533600270054133700330056833800280060104000350062908400110066499900150067520220317001038.0160825s2008 sp g 000 0 spa  a978842063810121 aProust, Marceld1871-192210aEn busca del tiempo perdido, 6bla fugitivacMarcel Proust ; traducido por Consuelo Berges a1a. edición b6a. reimpresión  a315 páginas c24 cm  aEl libro de bolsillopbiblioteca de autor142LEMBaNovela francesa ySiglo XX142LEMB aLiteratura francesa ySiglo XX142LEMB aAmor en la literatura 142LEMB aExistencialismo en la literatura 1 aBerges, Consuelo964847 2loccBKLIT aMadridbAlianzac2008 atextobtxt2rdacontent asin mediaciónbn2rdamedia avolumenbnc2rdacarrier aCO-BoRNBPbspaerdacCO-BoRNBP aN PRO1 c5776d5776